| 000 | 00738nam a2200169Ia 4500 | ||
|---|---|---|---|
| 008 | 090711s9999 xx 000 0 und d | ||
| 082 | _b673 | ||
| 100 | _aघाटपांडे महेश / ठाकूर योगेंद्र | ||
| 245 | _aमार्केटिंग एक आव्हान | ||
| 260 |
_bआमोद प्रकाशन _c1999 |
||
| 300 | _a112 | ||
| 600 | _aघाटपांडे महेश / ठाकूर योगेंद्र | ||
| 630 | _aमार्केटिंग एक आव्हान | ||
| 700 | _aघाटपांडे महेश / ठाकूर योगेंद्र | ||
| 730 | _aमार्केटिंग एक आव्हान | ||
| 942 | _cBOOK | ||
| 999 |
_c335660 _d335660 |
||